000 00273nam a2200121Ia 4500
005 20251222142009.0
008 251222s9999||||xx |||||||||||||| ||spa||
082 _a869.560.1/S17
100 _aSalvador, Julio Fabian
245 0 _aEigen
264 _bFarfalla
942 _cLIB
999 _c10272
_d10272